000 00528nam a2200181Ia 4500
008 090123s9999 xx 000 0 und d
082 _b5830
_a891.463/मंत्री
100 _aमंत्री रमेश
245 _aमहानगर
250 _a2
260 _bकिर्लोस्कर प्रेस
300 _a261
600 _aमंत्री रमेश
630 _aमहानगर
700 _aमंत्री रमेश
730 _aमहानगर
942 _cBOOK
999 _c43894
_d43894